Länder Asiens nach Einwohnerzahl - Statistiken

Allgemein
  • Dieses Quiz wurde 559 mal gespielt
  • Das Durchschnittsergebnis liegt bei 44 aus 50
Antwortstatistiken
Einwohnerzahl Ländername % Korrekt
1.395.400.000 China
100%
1.339.200.000 Indien
100%
255.500.000 Indonesien
99%
126.000.000 Japan
98%
200.800.000 Pakistan
97%
38.700.000 Irak
96%
79.900.000 Iran
96%
95.400.000 Vietnam
95%
24.100.000 Nordkorea
93%
51.700.000 Südkorea
93%
69.000.000 Thailand
93%
34.100.000 Afghanistan
92%
164.800.000 Bangladesch
92%
12.900.000 Israel (mit Palästina)
92%
17.100.000 Kasachstan (ohne europäische Gebiete)
92%
106.500.000 Philippinen
92%
33.900.000 Saudi Arabien
92%
73.000.000 Türkei (ohne West-Istanbul)
92%
31.600.000 Usbekistan
91%
32.000.000 Malaysia
90%
3.031.000 Mongolei
90%
30.500.000 Jemen
89%
29.300.000 Nepal
89%
4.400.000 Oman
89%
5.600.000 Singapur
89%
6.300.000 Kirgisistan
88%
7.000.000 Laos
88%
15.900.000 Syrien
88%
23.600.000 Taiwan
88%
5.800.000 Turkmenistan
88%
2.700.000 Katar
87%
9.800.000 Aserbaidschan
86%
3.700.000 Georgien
86%
53.400.000 Myanmar
86%
32.200.000 Russland (asiatischer Teil)
86%
8.800.000 Tadschikistan
86%
727.000 Bhutan
85%
9.500.000 Jordanien
85%
6.200.000 Libanon
85%
20.900.000 Sri Lanka
85%
2.972.000 Armenien
84%
16.000.000 Kambodscha
84%
1.500.000 Bahrain
83%
9.300.000 Vereinigte Arabische Emirate
83%
4.100.000 Kuwait
81%
429.000 Brunei
79%
1.260.000 Osttimor
79%
344.000 Malediven
75%
1.120.000 Zypern
64%
1.300.000 Ägypten (Halbinsel Sinai)
34%
Keine übereinstimmenden Quizze gefunden
Verteilung der Resultate
Anzahl Personen mit jedem Resultat
Perzentil nach korrekt beantworteten Fragen
Ihre Resultats-Entwicklung
Sie haben dieses Quiz noch nicht gespielt